[Event "Stockholm Chess Challenge 2019"]
[Site "Stockholm"]
[Date "2019.05.01"]
[Round "8.7"]
[White "Crevatin, Leo"]
[Black "Dev, Shah"]
[Result "1-0"]
[WhiteElo "2208"]
[BlackElo "2020"]
[Annotator "NA"]
[PlyCount "120"]
[EventDate "2019.04.26"]
[EventType "swiss"]
[EventCountry "SWE"]
[SourceTitle "playchess.com"]
[Source "ChessBase"]
[SourceQuality "1"]
[TimeControl "40/5400+30:900+30"]

1. d4 {[%emt 0:00:00]} d5 {[%emt 0:01:18]} 2. c4 {[%emt 0:00:01]} c6 {[%emt 0:00:01]} 3. cxd5 {[%emt 0:00:08]} cxd5 {[%emt 0:00:05]} 4. Bf4 {[%emt 0:00:04]} Nf6 {[%emt 0:00:13]} 5. e3 {[%emt 0:00:02]} Nc6 {[%emt 0:00:29]} 6. Nc3 {[%emt 0:00:01]} a6 {[%emt 0:00:15]} 7. Be2 {[%emt 0:00:07]} e6 {[%emt 0:04:03] D10: Slav Defence: 3 cxd5 (without early Nf3) and 3 Nc3} 8. Rc1 {[%emt 0:03:03]} Bd6 {[%emt 0:03:15]} (8... Be7 9. h3 O-O 10. Nf3 b5 11. O-O Bb7 12. Bd3 Rc8 13. Qe2 Qa5 14. a3 b4 15. axb4 Nxb4 {1-0 (75) Li,C (2732)-Duda,J (2724) Liaocheng 2018}) 9. Bxd6 {[%emt 0:00:08]} Qxd6 {[%emt 0:00:02]} 10. f4 {[%emt 0:00:12]} O-O {[%emt 0:05:16]} 11. Nf3 {[%emt 0:00:09]} Nd7 $146 {[%emt 0:04:48]} ({Predecessor:} 11... b5 12. O-O Bd7 13. Ne5 Na5 14. b3 b4 15. Nxd7 Nxd7 {1-0 (49) Michalik,P (2549)-Jirka,J (2424) Czech Republic 2017}) 12. O-O {[%emt 0:01:55]} f6 {[%emt 0:01:21]} 13. Bd3 {[%emt 0:05:48]} b5 {[%emt 0:13:41]} 14. Qc2 {[%emt 0:09:00]} f5 {[%emt 0:11:37] [#]} 15. Nxb5 $1 {[%emt 0:05:07] Discovered Attack} axb5 {[%emt 0:00:42]} 16. Qxc6 {[%emt 0:00:05]} Qxc6 {[%emt 0:00:07]} 17. Rxc6 {[%emt 0:00:04]} Nb8 {[%emt 0:02:31]} 18. Rb6 {[%emt 0:08:46]} Nd7 {[%emt 0:00:59]} 19. Rd6 {[%emt 0:02:16]} Rxa2 {[%emt 0:00:26]} 20. Bxb5 {[%emt 0:00:06]} Nf6 {[%emt 0:00:08]} 21. Rb1 {[%emt 0:16:15]} Ng4 22. Ng5 {[%emt 0:02:41]} Nxe3 {[%emt 0:03:24]} 23. Nxe6 {[%emt 0:00:18]} Bxe6 {[%emt 0:00:12]} 24. Rxe6 {[%emt 0:00:02]} Nc2 {[%emt 0:00:14]} 25. Rd6 {[%emt 0:10:03]} Nxd4 {[%emt 0:03:57]} 26. Rxd5 {[%emt 0:00:06]} Nxb5 {[%emt 0:00:39]} 27. Rxb5 {[%emt 0:00:02]} Ra4 {[%emt 0:00:49]} 28. g3 {[%emt 0:01:30]} Rd4 {[%emt 0:00:40]} 29. Re1 {[%emt 0:04:05]} Rd2 {[%emt 0:03:35]} 30. Rf1 {[%emt 0:09:14]} Rc8 {[%emt 0:03:14]} 31. Rf2 {[%emt 0:00:08]} Rcc2 {[%emt 0:00:14]} 32. Rxd2 {[%emt 0:00:05]} Rxd2 {[%emt 0:00:09]} 33. Rb7 {[%emt 0:00:06]} h6 $2 {[%emt 0:00:32] [#]} (33... Rd1+ $1 $11 {and Black is okay.} 34. Kg2 Rd2+ 35. Kh3 h6) 34. b4 {[%emt 0:01:10]} (34. h4 $1 $18) 34... Kh7 {[%emt 0:00:14] [#]} ({Better is} 34... Rd1+ $1 $14 35. Kf2 Rd2+ 36. Ke3 Rxh2) 35. b5 {[%emt 0:01:11]} (35. h3 $1 $18) 35... Kg6 {[%emt 0:00:54]} 36. b6 {[%emt 0:02:04]} Rb2 {[%emt 0:00:31]} 37. Rb8 {[%emt 0:02:12]} Kh7 {[%emt 0:02:01]} 38. h3 {[%emt 0:02:09]} Kg6 {[%emt 0:02:14]} 39. Kf1 {[%emt 0:00:55]} Kf7 {[%emt 0:00:19]} 40. Ke1 {[%emt 0:00:37]} Kg6 $2 {[%emt 0:00:31]} (40... Ke6 $16) 41. Kd1 {[%emt 0:17:59]} Rg2 {[%emt 0:18:53]} 42. Rd8 {[%emt 0:06:10]} Rb2 {[%emt 0:00:48]} 43. Rd6+ {[%emt 0:00:06]} Kh5 {[%emt 0:05:10]} 44. Kc1 {[%emt 0:00:27]} Rb5 {[%emt 0:01:19]} 45. Kc2 {[%emt 0:00:47]} g5 {[%emt 0:00:33]} 46. Kc3 {[%emt 0:01:58]} g4 {[%emt 0:01:01]} 47. hxg4+ {[%emt 0:04:23]} fxg4 {[%emt 0:04:39]} 48. f5 {[%emt 0:00:00]} Rxf5 {[%emt 0:00:00]} 49. Kc4 {[%emt 0:00:00]} Rf8 {[%emt 0:00:00]} 50. Kc5 {[%emt 0:00:00]} Rf3 {[%emt 0:00:00]} 51. b7 {[%emt 0:00:00]} Rc3+ {[%emt 0:00:00]} 52. Kb4 {[%emt 0:00:00]} Rc1 {[%emt 0:00:00]} 53. Rd3 {[%emt 0:01:09]} Rb1+ {[%emt 0:00:00]} 54. Rb3 {[%emt 0:00:02]} Rxb3+ 55. Kxb3 {[%emt 0:00:04]} Kg6 {[%emt 0:00:00]} 56. b8=Q {[%emt 0:00:08]} Kg5 {[%emt 0:00:00]} 57. Qf4+ {[%emt 0:00:07]} Kg6 {[%emt 0:00:00]} 58. Qxg4+ {[%emt 0:00:04]} Kh7 {[%emt 0:00:00]} 59. Qf5+ {[%emt 0:00:07]} Kh8 {[%emt 0:00:00]} 60. Qd7 {[%emt 0:00:08]} h5 {[%emt 0:00:00]} 1-0

[Event "Stockholm Chess Challenge 2019"]
[Site "Stockholm"]
[Date "2019.05.01"]
[Round "8.8"]
[White "Ojas Kulkarni"]
[Black "Wernberg, Hugo"]
[Result "1/2-1/2"]
[WhiteElo "2240"]
[BlackElo "2009"]
[Annotator "NA"]
[PlyCount "66"]
[EventDate "2019.04.26"]
[EventType "swiss"]
[EventCountry "SWE"]
[SourceTitle "playchess.com"]
[Source "ChessBase"]
[SourceQuality "1"]
[TimeControl "40/5400+30:900+30"]

1. c4 {[%emt 0:00:00]} c5 {[%emt 0:00:00]} 2. b3 {[%emt 0:00:00]} Nc6 {[%emt 0:00:22]} 3. Bb2 {[%emt 0:00:03]} e5 {[%emt 0:01:00]} 4. Nc3 {[%emt 0:00:52]} d6 {[%emt 0:00:46]} 5. g3 {[%emt 0:00:08]} g6 {[%emt 0:00:50]} 6. Bg2 {[%emt 0:00:26] A30: Symmetrical English: Double Fianchetto and Hedgehog} Bg7 {[%emt 0:00:13]} 7. d3 {[%emt 0:02:08]} (7. e3 Bf5 8. Nge2 Nge7 9. O-O O-O 10. Ne4 Qd7 11. f4 Rad8 12. d3 b6 13. N2c3 {1-0 (36) Vachier Lagrave,M (2780)-Tari,A (2625) Caleta 2019}) 7... Nf6 {[%emt 0:02:28]} 8. e3 {[%emt 0:00:17]} Be6 {[%emt 0:02:53]} 9. Nd5 $146 {[%emt 0:01:46]} ({Predecessor:} 9. Nge2 d5 10. O-O O-O 11. a3 Rc8 {0-1 (45) Chomet,P (2275)-Bruneau,L Paris 1992}) 9... Bxd5 {[%emt 0:04:59]} 10. cxd5 {[%emt 0:00:09]} Qa5+ {[%emt 0:00:46]} 11. Qd2 {[%emt 0:09:31]} Nb4 {[%emt 0:04:44]} 12. Bc3 {[%emt 0:05:27]} Qb5 {[%emt 0:03:19]} 13. Bxb4 {[%emt 0:08:53]} cxb4 {[%emt 0:00:19]} 14. e4 {[%emt 0:03:52]} Nd7 {[%emt 0:22:53]} 15. Rc1 {[%emt 0:03:58]} Nc5 {[%emt 0:06:27]} 16. Rc4 {[%emt 0:00:08]} a5 {[%emt 0:00:15]} 17. Ne2 {[%emt 0:00:14]} a4 {[%emt 0:01:50]} 18. Nc1 {[%emt 0:00:36]} axb3 {[%emt 0:01:22]} 19. axb3 {[%emt 0:00:13]} O-O {[%emt 0:01:51]} 20. O-O {[%emt 0:02:27]} Ra1 {[%emt 0:02:43]} 21. Qxb4 {[%emt 0:05:08]} Qxb4 {[%emt 0:00:44]} 22. Rxb4 {[%emt 0:00:02]} Rb8 {[%emt 0:02:28]} 23. Ne2 {[%emt 0:11:58]} Ra3 {[%emt 0:16:08]} 24. Rb6 {[%emt 0:03:49]} Ra6 {[%emt 0:00:22]} 25. Rb5 {[%emt 0:00:23]} Nxd3 {[%emt 0:03:05]} 26. Nc3 {[%emt 0:00:20]} Nc5 {[%emt 0:05:05]} 27. Rb1 {[%emt 0:02:19]} Bh6 {[%emt 0:06:05]} 28. Na4 $11 {[%emt 0:05:21]} Nxa4 {[%emt 0:01:01]} 29. bxa4 {[%emt 0:00:05]} Rxa4 {[%emt 0:00:09]} 30. Rxb7 {[%emt 0:00:03]} Rxb7 {[%emt 0:01:03]} 31. Rxb7 {[%emt 0:00:02]} Bc1 {[%emt 0:01:49]} 32. Rb1 {[%emt 0:01:28]} Ba3 {[%emt 0:00:24]} 33. Ra1 {[%emt 0:00:11]} Ra5 {[%emt 0:00:19]} 1/2-1/2

[Event "Stockholm Chess Challenge 2019"]
[Site "Stockholm"]
[Date "2019.05.01"]
[Round "9.1"]
[White "Siddharth, Jagadeesh"]
[Black "Stupak, Kirill"]
[Result "0-1"]
[WhiteElo "2132"]
[BlackElo "2547"]
[Annotator "TA"]
[PlyCount "106"]
[EventDate "2019.04.26"]
[EventType "swiss"]
[EventCountry "SWE"]
[SourceTitle "playchess.com"]
[Source "ChessBase"]
[SourceQuality "1"]

{[%evp 12,106,25,23,29,17,28,29,27,7,19,22,23,12,39,20,28,12,9,8,39,0,51,0,0,-8,-15,-17,-15,-41,-39,-88,-85,-67,-1,-6,0,0,0,0,0,0,0,0,0,-38,-38,-38,-39,-63,-31,-35,-38,-126,-50,-51,-49,-58,-34,-48,-53,-56,-36,-262,-266,-222,-254,-251,-240,-225,-225,-458,-446,-555,-465,-475,-429,-739,-729,-1344,-1388,-1368,-1366,-1129,-608,-1082,-1033,-29977,-29978,-29979,-29979,-29971,-29973,-29981,-29982,-29973,-29975]} 1. d4 g6 2. c4 Bg7 3. Nf3 Nf6 4. g3 c5 5. Bg2 Qa5+ 6. Nc3 Ne4 7. Qd3 cxd4 {E60: King's Indian: Unusual lines and Fianchetto Variation without Nc3} 8. Nxd4 Nc5 9. Qd1 Nc6 {White has an edge.} 10. e3 O-O 11. O-O Ne6 {[%cal Rc6d4]} 12. Nxe6 dxe6 13. Bd2 Bd7 {[#]} (13... Rd8 14. Qe2 Qb6 15. Rab1 {0-1 (49) Gelfand,B (2753)-Svidler,P (2751) Jerusalem 2014}) 14. Ne4 $146 {[%cal Bc3e4,Be4d2,Bd2f3][%mdl 32]} ({Predecessor:} 14. Qe2 Rac8 15. Rfc1 {½-½ (24) Dizdar,G (2520)-Bauer,C (2630) Austria 2014}) 14... Qc7 15. Bc3 e5 16. Qe2 b6 (16... f5 $11 17. Nc5 e4) 17. b3 (17. c5 $14) 17... f5 $11 18. Nd2 e4 19. Bxg7 Kxg7 20. Rfd1 Rad8 21. Rac1 Ne5 22. f3 exf3 (22... Bc8 $15) 23. Nxf3 {Black must now prevent Qb2.} Ng4 24. Qb2+ Kg8 25. Qc3 e5 26. Rd5 {[%cal Rf3e5]} e4 27. Ne5 Nxe5 28. Qxe5 Qxe5 29. Rxe5 Kf7 {Hoping for ...Bc6.} 30. c5 Kf6 31. Rd5 Bb5 $36 {[%mdl 2048] Black fights for an advantage.} 32. Rcd1 {[#]} (32. Rxd8 $15 Rxd8 33. a4) 32... Bd3 ({Black should play} 32... Rxd5 $1 $17 33. Rxd5 Ke6 34. Rd6+ Ke5) 33. Rxd8 $15 Rxd8 34. cxb6 $1 axb6 {[%mdl 4096] Endgame KRB-KRB} 35. Bf1 Ke5 36. a4 Rd5 37. Kf2 $2 {[#]} (37. b4 $15) 37... Bxf1 $1 $19 38. Rxf1 {KR-KR} Rd2+ 39. Kg1 Rb2 40. Ra1 Rxb3 41. a5 $2 (41. Kf2) 41... bxa5 42. Rxa5+ Kf6 43. Ra7 h6 44. Ra6+ (44. Kf2 $142 Rb2+ 45. Kg1) 44... Kg5 45. h4+ Kh5 46. Kf2 Rb2+ 47. Kf1 g5 48. Rf6 Kg4 49. Rxh6 Kf3 {[%cal Rb2b1] Black mates.} 50. Ke1 Kxe3 {[%cal Rb2b1]} 51. Kd1 f4 52. gxf4 gxf4 53. Ra6 f3 {Accuracy: White = 32%, Black = 68%.} 0-1

[Event "Stockholm Chess Challenge 2019"]
[Site "Stockholm"]
[Date "2019.05.01"]
[Round "9.2"]
[White "Maiorov, Nikita"]
[Black "Kenneskog, Theodor"]
[Result "1-0"]
[WhiteElo "2540"]
[BlackElo "2306"]
[Annotator "TA"]
[PlyCount "75"]
[EventDate "2019.04.26"]
[EventType "swiss"]
[EventCountry "SWE"]
[SourceTitle "playchess.com"]
[Source "ChessBase"]
[SourceQuality "1"]

{[%evp 9,74,6,1,8,8,3,19,13,14,27,37,33,45,38,50,37,24,37,41,0,0,0,0,0,0,-28,23,17,90,83,85,87,146,129,164,157,206,165,208,182,267,248,284,239,251,252,265,271,262,275,266,183,333,207,256,264,313,289,290,290,525,525,525,487,29996,29997,29999]} 1. d4 Nf6 2. Nf3 g6 3. Nbd2 d5 4. e3 Bg7 5. b4 a5 (5... O-O 6. Bb2 c6 7. c4 Nbd7 8. a4 Ne4 9. cxd5 Nxd2 10. Qxd2 cxd5 11. Bd3 Nf6 12. O-O Ne4 13. Qe2 Nd6 14. Rfc1 Bf5 15. Bxf5 gxf5 {1-0 (47) Sargissian,G (2689)-Kovalev,V (2683) St Petersburg 2018}) 6. b5 {D02: 1 d4 d5 2 Nf3 sidelines, including 2...Nf6 3 g3 and 2...Nf6 3 Bf4} c5 7. bxc6 Nxc6 8. Be2 {The position is equal.} O-O 9. O-O a4 $146 ({Predecessor:} 9... Bf5 10. Bb2 Rc8 11. c3 Ne4 12. Nxe4 Bxe4 13. Qb3 {0-1 (24) Injac,T (2302)-Muzychuk,M (2521) Ankara 2018}) 10. Ba3 Re8 11. Bb5 Ne4 12. Nxe4 dxe4 13. Nd2 e5 $1 {[%cal Re5d4]} 14. c3 (14. d5 $5 Qxd5 15. Bc4 $14) 14... exd4 15. cxd4 Qg5 {[#] Hoping for ...Bh3!} 16. Bxc6 bxc6 17. Kh1 Qh4 ({Black should play} 17... Ba6) 18. Nc4 $11 Bg4 (18... Ba6 $11 19. Qc2 Bb5) 19. Qc2 $16 Rad8 20. Bd6 c5 (20... Qh5 $142) 21. Bxc5 Re6 22. Rab1 h5 23. Rb6 Qf6 24. Rfb1 (24. Qxa4 $6 Rxb6 25. Bxb6 Rc8 $16) 24... h4 (24... Rxb6 {is a better defense.} 25. Rxb6 Qh4) 25. h3 $18 Bf5 26. Rxe6 Bxe6 27. Rb6 Qf5 {intending ...Bxc4.} 28. Nd6 Qd5 29. a3 (29. Qxe4 $6 Qxe4 30. Nxe4 Bxa2 $18) ({Resist} 29. Nxe4 $6 Qxa2 30. Qxa2 Bxa2 $18) (29. Qxa4 $6 Ra8 $18) 29... f5 30. Nb5 Bf7 (30... Qc4 $142 31. Qxc4 Bxc4) 31. Kg1 (31. Qxa4 Qa2 $14) 31... f4 32. exf4 Bh6 33. Be7 ({But not} 33. Qxa4 $6 Bxf4 34. Qc2 g5 $18) 33... Re8 34. Nc7 ({Not} 34. Bxh4 Bxf4 35. Bf6 (35. Qxa4 $2 e3 $19) 35... e3 $14) 34... Qxd4 $2 (34... Rc8) 35. Nxe8 {aiming for Nf6+.} Qxb6 36. Nf6+ {[%mdl 64] [#] Double Attack} Kh8 (36... Kg7 $18 37. Ng4 Qe6) 37. Qc8+ Kg7 38. Qf8# {Accuracy: White = 80%, Black = 24%.} 1-0

[Event "Stockholm Chess Challenge 2019"]
[Site "Stockholm"]
[Date "2019.05.01"]
[Round "9.3"]
[White "Seo, Jung Min"]
[Black "Sorensen, Hampus"]
[Result "1/2-1/2"]
[WhiteElo "2386"]
[BlackElo "2319"]
[Annotator "NA"]
[PlyCount "83"]
[EventDate "2019.04.26"]
[EventType "swiss"]
[EventCountry "SWE"]
[SourceTitle "playchess.com"]
[Source "ChessBase"]
[SourceQuality "1"]
[TimeControl "40/5400+30:900+30"]

1. d4 {[%emt 0:00:00]} d5 {[%emt 0:00:00]} 2. c4 {[%emt 0:00:00]} e6 {[%emt 0:01:02]} 3. Nf3 {[%emt 0:00:10]} a6 {[%emt 0:00:07]} 4. cxd5 {[%emt 0:02:13]} exd5 {[%emt 0:00:20]} 5. Nc3 {[%emt 0:00:04]} h6 {[%emt 0:01:36]} 6. Bf4 {[%emt 0:01:15]} Nf6 {[%emt 0:01:03]} 7. e3 {[%emt 0:00:16]} Bd6 {[%emt 0:00:49]} 8. Bxd6 {[%emt 0:09:22]} Qxd6 {[%emt 0:00:20]} 9. Qc2 {[%emt 0:00:27]} O-O {[%emt 0:02:58]} 10. Rc1 {[%emt 0:00:34]} Bg4 {[%emt 0:08:30]} 11. Be2 {[%emt 0:06:57]} Bxf3 {[%emt 0:04:13]} 12. Bxf3 {[%emt 0:00:57]} c6 {[%emt 0:00:55]} 13. O-O {[%emt 0:00:18]} Nbd7 {[%emt 0:00:12]} 14. Rfd1 {[%emt 0:00:33]} Rfd8 {[%emt 0:03:50]} 15. a3 {[%emt 0:00:16]} a5 {[%emt 0:03:04]} 16. Na4 {[%emt 0:01:36]} Qe7 {[%emt 0:02:53]} 17. Qd2 {[%emt 0:02:36]} Ne8 {[%emt 0:03:42]} 18. Be2 {[%emt 0:12:27]} Nd6 {[%emt 0:03:38]} 19. b3 {[%emt 0:02:37]} Re8 {[%emt 0:09:36]} 20. Bd3 {[%emt 0:01:07]} f5 {[%emt 0:02:24]} 21. Nc5 {[%emt 0:00:51]} Nf6 {[%emt 0:03:14]} 22. Qc2 {[%emt 0:01:30]} Nfe4 {[%emt 0:04:09]} 23. Re1 {[%emt 0:01:31]} g6 {[%emt 0:02:30]} 24. f3 {[%emt 0:01:24]} Nf6 {[%emt 0:02:42]} 25. Bf1 {[%emt 0:00:44]} Nd7 {[%emt 0:01:37]} 26. a4 {[%emt 0:01:04]} Nxc5 {[%emt 0:01:23]} 27. dxc5 {[%emt 0:05:05]} Nf7 {[%emt 0:00:44]} 28. Bd3 {[%emt 0:00:39]} Ne5 {[%emt 0:04:46]} 29. Bf1 {[%emt 0:00:31]} Qf6 {[%emt 0:01:42]} 30. Rcd1 {[%emt 0:00:54]} Re6 {[%emt 0:03:46]} 31. e4 {[%emt 0:01:35]} fxe4 {[%emt 0:07:20]} 32. fxe4 {[%emt 0:01:08]} Rae8 {[%emt 0:00:05]} 33. Qd2 {[%emt 0:01:24]} Qe7 {[%emt 0:05:09]} 34. Qxa5 {[%emt 0:01:39]} Ng4 {[%emt 0:02:21]} 35. h3 {[%emt 0:03:16]} Nf6 {[%emt 0:00:06]} 36. Bd3 {[%emt 0:00:11]} Kh7 {[%emt 0:01:20]} 37. Qb4 {[%emt 0:06:35]} Re5 {[%emt 0:10:31]} 38. Rf1 {[%emt 0:01:25]} Nxe4 {[%emt 0:01:20]} 39. Bxe4 {[%emt 0:00:12]} Rxe4 {[%emt 0:00:05]} 40. Rd4 {[%emt 0:00:29]} Qg7 {[%emt 0:02:13]} 41. Rxe4 {[%emt 0:16:02]} Rxe4 {[%emt 0:01:45]} 42. Qd2 {[%emt 0:00:00]} 1/2-1/2

[Event "Stockholm Chess Challenge 2019"]
[Site "Stockholm"]
[Date "2019.05.01"]
[Round "9.4"]
[White "Blomqvist, Erik"]
[Black "Jogstad, Martin"]
[Result "1-0"]
[WhiteElo "2496"]
[BlackElo "2267"]
[Annotator "TA"]
[PlyCount "103"]
[EventDate "2019.04.26"]
[EventType "swiss"]
[EventCountry "SWE"]
[SourceTitle "playchess.com"]
[Source "ChessBase"]
[SourceQuality "1"]

{[%evp 14,103,29,18,15,11,25,12,18,0,18,10,11,7,17,9,6,0,15,6,31,28,60,62,78,85,93,86,90,72,114,122,125,121,130,128,233,219,256,164,341,319,352,268,242,275,268,209,314,315,315,315,316,316,320,315,328,342,347,338,327,316,287,175,385,382,675,584,671,663,585,569,578,566,566,539,921,887,1202,1115,2106,1950,1967,1887,2788,1552,29971,29971,29970,29971,29984,29985]} 1. e4 c5 2. Nf3 e6 3. d4 cxd4 4. Nxd4 Nc6 5. Nc3 Qc7 6. g3 a6 7. Bg2 Nf6 8. O-O h5 {B47: Sicilian: Taimanov: 5 Nc3 Qc7 6 f4, 6 g3 and 6 Be2} 9. Nf3 Be7 10. Bg5 d6 {The position is equal.} 11. Qe2 Bd7 12. a4 $146 ({Predecessor:} 12. Rfd1 Ne5 13. Nxe5 dxe5 14. Rd3 Bc5 15. Rad1 Bc6 16. b3 {½-½ (49) Navara,D (2724)-Ivanisevic,I (2636) Porto Carras 2011}) 12... Rc8 13. Rfd1 $36 {[%mdl 2048] White has good play.} Ne5 14. Nxe5 dxe5 15. h4 Bc5 16. Bf3 Qb6 17. Rd3 Bd4 18. Nd1 Qc7 19. c3 Bc5 20. b4 Be7 21. Nb2 b5 22. axb5 axb5 23. Qe3 Qc6 24. Ra7 Ra8 (24... Rc7 $16) 25. Rd1 {[#] aiming for Bxf6.} ({But not} 25. Bxf6 $6 Rxa7 26. Bxg7 (26. Qxa7 Bxf6 27. Qb8+ Qc8 $16) 26... Ra1+ 27. Kg2 Rh7 $16) 25... Rxa7 26. Qxa7 Bd8 $2 (26... Nh7 {might work better.} 27. Be3 Nf6) 27. Nd3 $18 Qc7 28. Qxc7 Bxc7 29. Nc5 {Threatens to win with Bxf6.} Bc6 30. Ra1 Ke7 (30... Nd7 {was worth a try.} 31. Ra7 Bd8) 31. Ra6 Kd6 32. Be2 Rb8 33. Bxf6 $1 gxf6 34. Bxh5 Bb6 35. Bxf7 Bxc5 36. bxc5+ Kxc5 {[%mdl 4096] Endgame KRB-KRB} 37. f3 (37. Bxe6 Bxe4 38. Kh2 Rd8 $16) 37... f5 38. Bg6 (38. Bxe6 fxe4 39. fxe4 Bxe4 $16) 38... Rd8 $2 (38... fxe4 {was necessary.} 39. fxe4 (39. Bxe4 Bxe4 40. fxe4 Kc4 $11) 39... Be8) 39. h5 Rd1+ $2 (39... fxe4 40. fxe4 (40. Bxe4 Bxe4 41. fxe4 Kc4 $16) 40... Rd3) 40. Kh2 Rd2+ 41. Kh3 Rd1 42. Ra2 Kc4 43. h6 Kb3 44. Re2 Rd8 45. exf5 Bxf3 46. Rxe5 Rd1 47. Kh4 exf5 48. Rxb5+ Kxc3 49. Bxf5 Rh1+ 50. Kg5 {White mates.} Rh5+ 51. Kg6 Kc4 {[#]} 52. Bd3+ $1 {[%mdl 512] Accuracy: White = 78%, Black = 31%.} 1-0

[Event "Stockholm Chess Challenge 2019"]
[Site "Stockholm"]
[Date "2019.05.01"]
[Round "9.5"]
[White "Crevatin, Leo"]
[Black "Ojas Kulkarni"]
[Result "1/2-1/2"]
[WhiteElo "2208"]
[BlackElo "2240"]
[Annotator "NA"]
[PlyCount "64"]
[EventDate "2019.04.26"]
[EventType "swiss"]
[EventCountry "SWE"]
[SourceTitle "playchess.com"]
[Source "ChessBase"]
[SourceQuality "1"]
[TimeControl "40/5400+30:900+30"]

1. d4 {[%emt 0:00:00]} Nf6 {[%emt 0:00:00]} 2. c4 {[%emt 0:00:00]} b6 {[%emt 0:00:17]} 3. f3 {[%emt 0:00:00]} d6 {[%emt 0:00:14]} 4. Nc3 {[%emt 0:01:11]} e5 {[%emt 0:00:53]} 5. d5 {[%emt 0:00:59]} Be7 {[%emt 0:00:04]} 6. e4 {[%emt 0:01:44]} Nbd7 {[%emt 0:00:07]} 7. Be3 {[%emt 0:00:36]} Nh5 {[%emt 0:00:22]} 8. Qd2 {[%emt 0:03:24]} h6 {[%emt 0:00:02]} 9. g3 {[%emt 0:08:00]} Bg5 {[%emt 0:00:27]} 10. O-O-O {[%emt 0:04:51]} Bxe3 {[%emt 0:02:08]} 11. Qxe3 {[%emt 0:00:05]} Qg5 {[%emt 0:00:06]} 12. Qxg5 {[%emt 0:00:39]} hxg5 {[%emt 0:00:56]} 13. Bh3 {[%emt 0:06:57]} Nf8 {[%emt 0:07:45]} 14. Bxc8 {[%emt 0:00:52]} Rxc8 {[%emt 0:00:01]} 15. Nge2 {[%emt 0:00:07]} Ng6 {[%emt 0:00:10]} 16. Kd2 {[%emt 0:05:30]} Kd7 {[%emt 0:03:00]} 17. Rdf1 {[%emt 0:02:05]} Rh6 {[%emt 0:01:35]} 18. Nd1 {[%emt 0:01:20]} Nf6 {[%emt 0:07:00]} 19. Ne3 {[%emt 0:01:54]} Rch8 {[%emt 0:02:51]} 20. Rf2 {[%emt 0:00:10]} Ne7 {[%emt 0:00:20]} 21. Kd3 {[%emt 0:05:38]} Nh5 {[%emt 0:06:31]} 22. Kd2 {[%emt 0:07:55]} g6 {[%emt 0:16:00]} 23. h4 {[%emt 0:20:33]} gxh4 {[%emt 0:00:14]} 24. Rxh4 {[%emt 0:04:58]} Nf6 {[%emt 0:00:11]} 25. Rxh6 {[%emt 0:01:43]} Rxh6 {[%emt 0:00:01]} 26. Ng4 {[%emt 0:05:51]} Nxg4 {[%emt 0:00:08]} 27. fxg4 {[%emt 0:00:01]} Ke8 {[%emt 0:00:13]} 28. Ng1 {[%emt 0:00:13]} Rh1 {[%emt 0:09:30]} 29. Nf3 {[%emt 0:00:33]} f6 {[%emt 0:00:09]} 30. Rh2 {[%emt 0:03:16]} Rxh2+ {[%emt 0:07:14]} 31. Nxh2 {[%emt 0:00:02]} a5 {[%emt 0:00:10]} 32. a3 {[%emt 0:00:21]} Kd7 {[%emt 0:06:34]} 1/2-1/2

[Event "Stockholm Chess Challenge 2019"]
[Site "Stockholm"]
[Date "2019.05.01"]
[Round "9.6"]
[White "Kvaloy, Aksel Bu"]
[Black "Dev, Shah"]
[Result "1/2-1/2"]
[WhiteElo "2138"]
[BlackElo "2020"]
[Annotator "NA"]
[PlyCount "60"]
[EventDate "2019.04.26"]
[EventType "swiss"]
[EventCountry "SWE"]
[SourceTitle "playchess.com"]
[Source "ChessBase"]
[SourceQuality "1"]
[TimeControl "40/5400+30:900+30"]

1. c4 {[%emt 0:00:00]} c6 {[%emt 0:00:37]} 2. g3 {[%emt 0:00:00]} d5 {[%emt 0:00:07]} 3. Nf3 {[%emt 0:00:00]} Nf6 {[%emt 0:00:06]} 4. Bg2 {[%emt 0:00:00]} Bf5 {[%emt 0:00:06]} 5. Qb3 {[%emt 0:00:14]} Qb6 {[%emt 0:00:20]} 6. d3 {[%emt 0:00:45]} e6 {[%emt 0:00:12]} 7. Be3 {[%emt 0:00:29]} Qxb3 {[%emt 0:00:43]} 8. axb3 {[%emt 0:00:06]} a6 {[%emt 0:00:05]} 9. Nc3 {[%emt 0:00:19]} Nbd7 {[%emt 0:01:47]} 10. Nh4 {[%emt 0:00:42]} Bg6 {[%emt 0:01:07]} 11. Nxg6 {[%emt 0:02:33]} hxg6 {[%emt 0:00:14]} 12. h3 {[%emt 0:03:43]} Bd6 {[%emt 0:04:48]} 13. O-O {[%emt 0:02:51]} Ke7 {[%emt 0:00:51]} 14. Bg5 {[%emt 0:10:04]} Rhb8 {[%emt 0:15:32]} 15. d4 {[%emt 0:09:30]} Ke8 {[%emt 0:11:43]} 16. e4 {[%emt 0:17:07]} dxe4 {[%emt 0:00:51]} 17. Nxe4 {[%emt 0:00:32]} Nxe4 {[%emt 0:02:07]} 18. Bxe4 {[%emt 0:01:20]} c5 {[%emt 0:08:36]} 19. d5 {[%emt 0:10:52]} e5 {[%emt 0:00:00]} 20. g4 {[%emt 0:02:13]} b5 {[%emt 0:02:23]} 21. Bd3 {[%emt 0:03:52]} bxc4 {[%emt 0:15:01]} 22. Bxc4 {[%emt 0:00:30]} f6 {[%emt 0:02:15]} 23. Bd2 {[%emt 0:02:31]} f5 {[%emt 0:00:13]} 24. Bc3 {[%emt 0:09:37]} Kf7 {[%emt 0:01:54]} 25. f3 {[%emt 0:01:40]} Ke7 {[%emt 0:02:29]} 26. Rfe1 {[%emt 0:06:30]} Bc7 {[%emt 0:01:49]} 27. Kg2 {[%emt 0:12:13]} Bd6 {[%emt 0:05:43]} 28. Kg1 {[%emt 0:00:33]} Bc7 {[%emt 0:02:22]} 29. Kg2 {[%emt 0:00:05]} Bd6 {[%emt 0:01:04]} 30. Kg1 {[%emt 0:00:14]} Bc7 {[%emt 0:02:14]} 1/2-1/2